[Event "Budapest Spring Festival 2019"]
[Site "Budapest"]
[Date "2019.04.10"]
[Round "2.6"]
[White "Gopal G.N."]
[Black "Popovics, Adam"]
[Result "1-0"]
[WhiteElo "2589"]
[BlackElo "2375"]
[Annotator "TA"]
[PlyCount "189"]
[EventDate "2019.04.09"]
[EventType "swiss"]
[EventCountry "HUN"]
[SourceTitle "playchess.com"]
[Source "ChessBase"]
[SourceQuality "1"]

{[%evp 28,189,37,25,32,35,37,20,47,20,30,27,40,29,29,31,58,61,50,43,47,22,62,14,28,24,31,0,0,0,22,0,9,-30,-38,-54,-49,-29,29,24,53,37,40,39,32,0,0,0,0,0,0,0,0,0,22,0,97,82,295,320,320,320,297,302,282,278,664,597,545,93,104,8,18,11,12,0,10,8,12,12,17,15,61,73,54,60,123,51,134,67,187,0,42,8,113,113,125,125,125,121,120,98,92,80,79,65,65,65,86,65,65,57,58,58,65,65,65,0,65,65,65,65,65,65,90,65,65,65,80,33,215,33,33,17,33,33,117,12,12,12,29962,29965,29965,29965,29974,29975,29975,29976,29976,29967,29967,29968,29978,29979,29984,29985,29989,29990,29990,29991,29991,29986,29992,29993]} 1. e4 e5 2. Nf3 Nc6 3. Bb5 a6 4. Ba4 Nf6 5. O-O Be7 6. Re1 b5 7. Bb3 d6 8. c3 O-O 9. h3 Nb8 10. d4 Nbd7 11. Nbd2 Bb7 12. Bc2 Re8 13. Nf1 Bf8 14. Ng3 g6 15. a4 exd4 {C95: Closed Ruy Lopez: Breyer Variation with 10 d4} (15... Bg7 16. Bd3 exd4 17. cxd4 c5 18. axb5 axb5 19. Rxa8 Bxa8 20. dxc5 Nxc5 21. Bxb5 Rf8 22. e5 dxe5 23. Qxd8 Rxd8 24. Nxe5 {½-½ (39) Hou,Y (2658)-Vitiugov,N (2734) Belokurikha 2018}) 16. cxd4 c5 17. d5 Nb6 {The position is equal.} 18. b3 Bg7 {[%cal Rf6d5]} 19. Rb1 Nfd7 20. Bf4 Qc7 21. Qc1 $146 ({Predecessor:} 21. Bd3 c4 22. bxc4 Nxa4 23. cxb5 {½-½ (38) Langer,R (2313)-Vetter,G (2313) ICCF email 2015}) 21... Bc3 22. Bd2 Bg7 23. Bh6 Bc3 24. Re3 Bf6 25. Re2 Ne5 26. Nxe5 Bxe5 27. Bf4 Bg7 28. Qd1 Re7 29. Bc1 b4 30. Bb2 Bxb2 31. Rxb2 a5 $1 32. Bd3 c4 (32... Ba6 $142) 33. Bxc4 $1 $11 Nxc4 34. bxc4 Qc5 35. Qd2 f6 36. Kh2 Ba6 37. f4 Bxc4 38. Re1 Rae8 39. Rc2 {[%cal Bb2c2,Bc2c3,Bc3b3][%mdl 32]} b3 $1 {[%cal Rb3c2]} 40. Rc3 Kg7 41. Qb2 Kf7 (41... Rb7 $11 {remains equal.}) 42. Rec1 $16 Rxe4 $2 (42... Qd4 $16) 43. Nxe4 $18 Rxe4 44. Rxb3 {[%mdl 64] Pin} Qxd5 45. Rb7+ Ke6 {...Re2 is the strong threat.} 46. Rb8 $1 (46. Rxh7 $2 Re2 $19) 46... Rxf4 $2 (46... Kf5) 47. Re1+ Kf5 48. Rf8 $2 (48. g3 $18 Qd4 49. Qc2+ (49. gxf4 Qxf4+ 50. Kh1 Bd5+ {[%mdl 64] Discovered Attack} 51. Kg1 Qg3+ 52. Kf1 Bc4+ 53. Re2 Qxh3+ 54. Ke1 Qh1+ 55. Kd2 Qd5+ 56. Ke3 Qe4+ 57. Kf2 Qh4+ 58. Kg2 Qg4+ 59. Kf2 Qh4+ 60. Kg2 Qg4+ 61. Kf2 Qh4+ $11) 49... Bd3 50. Rb5+ {[%mdl 64] Double Attack} (50. Qc8+ $2 Kg5 $19) 50... d5 51. Qc8+ Kg5 52. Rxd5+ $1 {[%mdl 512]} (52. gxf4+ Qxf4+ 53. Kg2 Qd2+ {[%mdl 64] Double Attack} 54. Kf3 Qxe1 $11) 52... Qxd5 53. gxf4+ Kh5 54. Qg4+ Kh6 55. Qh4+ {[%mdl 64] Double Attack} Qh5 56. Qxf6) 48... Qd4 $16 49. Qxd4 (49. Qc2+ $16 Kg5 50. Qc1) 49... Rxd4 {[%mdl 4096] Endgame KRR-KRB} 50. Ra8 Rd5 51. Re7 h5 52. Re3 h4 53. Rf8 Kg5 54. Re4 Bb3 55. Rg4+ Kf5 56. Rb8 Bd1 (56... Rd3 $14) 57. Rxh4 ({White should play} 57. Rb5 $1 $16 {[%cal Rb5d5]} Ke6 58. Re4+ (58. Rxg6 Re5 $14) (58. Rxh4 f5 $16) 58... Re5 59. Rxh4) 57... Be2 (57... Rd2 $14) 58. Ra8 (58. Rb2 $16 Kg5 59. Re4) 58... g5 (58... Bd3 $14) 59. Rh7 $2 ({White has to play} 59. Rh6 $1 $18) 59... Bd1 60. Rha7 Bxa4 (60... Rd2 $11 {keeps the balance.}) 61. Rxa5 Bc6 62. Rxd5+ Bxd5 {KR-KB} 63. Ra5 Ke6 64. Kg1 Be4 65. Kf2 d5 66. g3 Kf5 67. Ra8 Bh1 68. Rd8 Be4 69. Ke3 Bg2 70. Rh8 Be4 71. Kd4 Bg2 72. Ke3 Be4 $1 73. Rh6 Bg2 74. Kf2 Be4 75. Rh7 Bh1 76. Rg7 {Hoping for h4.} Be4 $1 77. Rg8 Bh1 78. h4 Kg4 $2 (78... Be4 $1 $14) 79. h5 $2 (79. Rg6 $1 $18) 79... Be4 $14 80. Rh8 {Black must now prevent h6.} Bd3 81. Ke3 Be4 (81... Bc2 $14 82. h6 Kh5) 82. Kd4 ({Better is} 82. h6 $16) 82... Kxg3 $11 83. h6 {Threatens to win with Rf8.} Kh4 $2 {[%mdl 8192] [#]} (83... g4 $11) 84. Re8 $1 {White mates.} Bg6 85. Re7 g4 86. h7 Bxh7 87. Rxh7+ {KR-K3P} Kg3 88. Ke3 d4+ {[#]} 89. Ke2 $1 f5 90. Rd7 Kh2 91. Rxd4 g3 92. Kf3 f4 93. Rxf4 g2 94. Rh4+ Kg1 95. Rg4 {Accuracy: White = 52%, Black = 39%.} 1-0

[Event "Budapest Spring Festival 2019"]
[Site "Budapest"]
[Date "2019.04.10"]
[Round "2.7"]
[White "Lye, Lik Zang"]
[Black "Bernadskiy, Vitaliy"]
[Result "1/2-1/2"]
[WhiteElo "2377"]
[BlackElo "2587"]
[Annotator "TA"]
[PlyCount "90"]
[EventDate "2019.04.09"]
[EventType "swiss"]
[EventCountry "HUN"]
[SourceTitle "playchess.com"]
[Source "ChessBase"]
[SourceQuality "1"]

{[%evp 15,90,41,52,34,82,-7,60,-36,-46,-34,-15,-44,-42,-45,-42,-87,-16,-34,-10,-40,-29,-29,0,-35,55,47,63,-23,-19,-26,-18,-37,-16,-16,-16,-11,-14,-21,-12,-4,0,0,0,0,0,0,-5,-2,0,-16,-16,-17,-20,-20,-20,-20,-20,-16,0,-15,-15,-15,-15,-15,-15,-15,-15,-15,-15,-15,-15,-15,0,0,0,0,0]} 1. d4 g6 2. c4 Bg7 3. Nc3 d6 4. e4 Nc6 5. Be3 Nf6 6. Be2 O-O 7. d5 Ne5 {E73: King's Indian: Averbakh Variation without 6...c5} 8. f4 Ned7 {LiveBook: 4 Games} (8... Neg4 9. Bd2 Nh6 10. Nf3 c6 11. O-O cxd5 12. cxd5 b5 13. Bd3 b4 14. Na4 Bd7 15. Kh1 {1-0 (62) Sokolov,I (2623)-Van Foreest,J (2615) Hoogeveen 2016}) 9. Qd2 $146 ({Predecessor:} 9. Nh3 c6 10. Nf2 cxd5 11. cxd5 Nb6 12. g4 e6 13. dxe6 Bxe6 14. f5 Bd7 15. g5 Nxe4 16. Ncxe4 Bxf5 {1-0 (34) Schreiner,P (2472)-Reich,T (2362) Aschach 2016}) 9... c6 {White is slightly better.} 10. Bf3 (10. Nh3 $16) 10... Nb6 ({Better is} 10... e5 $1 $11) 11. Qe2 (11. b3 $1 $14) 11... cxd5 $15 12. cxd5 Bd7 13. Nh3 Bxh3 14. gxh3 Rc8 15. Rd1 Nc4 (15... Nfd7 $17) 16. Bd4 $11 Nd7 17. Bg4 Bxd4 18. Rxd4 b5 $1 19. h4 e5 (19... Rb8 $15) 20. dxe6 $14 Qxh4+ 21. Qf2 (21. Kd1 $1 $14 Ne3+ 22. Kc1 Nxg4 23. exd7) 21... Qxg4 $11 22. exd7 Qxd7 23. Nd5 {[#] aiming for Nf6+.} Kg7 24. O-O $1 {The position is equal.} Nb6 25. Nxb6 axb6 26. f5 $1 gxf5 27. Qxf5 Qxf5 28. Rxf5 {[%mdl 4096] Endgame KRR-KRR} Rc1+ 29. Kg2 Rc2+ 30. Kg3 Rxb2 31. Rxd6 Ra8 32. Rxb6 Ra3+ 33. Kf4 Rf2+ 34. Kg4 Rg2+ 35. Kf4 Raxa2 36. Rfxb5 f6 37. Rf5 Raf2+ 38. Ke3 Rxf5 39. exf5 Rxh2 {KR-KR} 40. Rb7+ Kh6 41. Kf4 Rf2+ 42. Kg4 Rg2+ 43. Kf4 Rg7 44. Rxg7 Kxg7 45. Kg4 Kh6 {Accuracy: White = 46%, Black = 39%.} (45... Kf8 $5 46. Kh5 $8 Kg7 $11) 1/2-1/2

[Event "Budapest Spring Festival 2019"]
[Site "Budapest"]
[Date "2019.04.10"]
[Round "2.8"]
[White "Pranav Anand"]
[Black "Mikhalevski, Victor"]
[Result "1/2-1/2"]
[WhiteElo "2359"]
[BlackElo "2580"]
[Annotator "TA"]
[PlyCount "97"]
[EventDate "2019.04.09"]
[EventType "swiss"]
[EventCountry "HUN"]
[SourceTitle "playchess.com"]
[Source "ChessBase"]
[SourceQuality "1"]

{[%evp 11,96,19,27,31,30,41,40,38,32,33,37,32,33,33,33,33,33,33,33,28,42,35,35,34,39,36,42,39,46,43,54,32,35,41,41,37,42,43,43,11,35,9,11,14,54,31,27,0,0,0,0,0,0,0,0,0,0,0,0,0,0,0,0,0,0,0,0,0,0,0,0,0,0,0,0,0,0,0,0,0,0,0,0,0,0,0,0]} 1. d4 Nf6 2. c4 g6 3. Nc3 d5 4. Nf3 Bg7 5. Qb3 dxc4 6. Qxc4 Be6 7. Qb5+ {D96: Grünfeld: Russian System (5 Qb3): sidelines} (7. Qd3 c5 8. e4 cxd4 9. Nxd4 Bd7 10. f3 Nc6 11. Nxc6 Bxc6 12. Qxd8+ Rxd8 13. Be3 a6 14. Be2 O-O {0-1 (35) Morozevich,A (2665)-Vidit,S (2707) Malmo 2018}) 7... Bd7 8. Qxb7 Nc6 9. Qb3 {White is slightly better.} Rb8 10. Qd1 Bf5 11. a3 O-O 12. e3 e5 13. Nxe5 Nxe5 14. dxe5 Ne4 15. Qxd8 Rfxd8 16. Nxe4 Bxe4 {[#]} 17. f4 $146 f6 18. Bc4+ Kh8 19. exf6 Bxf6 20. O-O Bxb2 21. Bxb2+ Rxb2 22. Rf2 Rxf2 23. Kxf2 $14 {[%mdl 4096] Endgame KRB-KRB} Rd2+ 24. Be2 Bxg2 25. Rd1 Rc2 26. Kxg2 Rxe2+ {[%mdl 64] [#] Double Attack. KR-KR} 27. Kf3 Rc2 (27... Ra2 {keeps more tension.} 28. Rd3 Kg7 29. h4 h5 30. Ke4 Kf6) 28. Rd7 Ra2 29. Rxc7 Rxa3 {The position is equal.} 30. Re7 Kg8 31. h4 a5 32. Ra7 a4 33. Ke4 h5 34. Kd4 Ra1 35. Ke5 {[#] Hoping for Kf6.} a3 36. Kf6 a2 $1 37. e4 {aiming for f5.} Re1 38. Rxa2 Rxe4 39. Kxg6 {White threatens Ra8+ and mate.} (39. Kg5 {looks sharper.} Rc4 40. Ra6 Kh7 41. Re6 Rc5+ 42. Re5) 39... Rxf4 40. Ra8+ ({Don't take} 40. Kxh5 $6 Kg7 $16) (40. Ra1 {feels hotter.} Rf7 41. Ra6 Rg7+ 42. Kxh5 Kh7 43. Rh6+) 40... Rf8 41. Rxf8+ (41. Ra5 {with more complications.} Rf7 42. Re5 Rg7+ 43. Kxh5 Kh7 44. Rd5) 41... Kxf8 42. Kxh5 $11 {KP-K} Kg7 43. Kg5 Kh7 44. h5 Kg7 45. h6+ Kh7 46. Kh5 Kh8 47. Kg6 Kg8 48. h7+ Kh8 49. Kh6 {Accuracy: White = 61%, Black = 82%.} 1/2-1/2

[Event "Budapest Spring Festival 2019"]
[Site "Budapest"]
[Date "2019.04.10"]
[Round "2.9"]
[White "Savchenko, Boris"]
[Black "Mehar, Chinna Reddy C.H."]
[Result "1/2-1/2"]
[WhiteElo "2575"]
[BlackElo "2348"]
[Annotator "RC"]
[PlyCount "62"]
[EventDate "2019.04.09"]
[EventType "swiss"]
[EventCountry "HUN"]
[SourceTitle "playchess.com"]
[Source "ChessBase"]
[SourceQuality "1"]
[TimeControl "40/5400+30:1800+30"]

1. e4 {[%emt 0:02:42]} c5 {[%emt 0:00:38]} 2. Nf3 {[%emt 0:00:09]} d6 {[%emt 0:00:11]} 3. d4 {[%emt 0:00:07]} cxd4 {[%emt 0:00:06]} 4. Nxd4 {[%emt 0:00:06]} Nf6 {[%emt 0:00:07]} 5. Nc3 {[%emt 0:00:07]} Nc6 {[%emt 0:00:25]} 6. Bg5 {[%emt 0:00:08]} e6 {[%emt 0:00:10]} 7. Qd2 {[%emt 0:00:07]} a6 {[%emt 0:00:10]} 8. O-O-O {[%emt 0:02:47]} Bd7 {[%emt 0:00:22]} 9. f4 {[%emt 0:02:01]} Be7 {[%emt 0:00:47]} 10. Nf3 {[%emt 0:07:11]} b5 {[%emt 0:00:22]} 11. Bxf6 {[%emt 0:00:47]} gxf6 {[%emt 0:00:09]} 12. f5 {[%emt 0:14:10]} Qb6 {[%emt 0:00:40]} 13. Ne2 {[%emt 0:01:18]} O-O-O {[%emt 0:02:01]} 14. Nf4 {[%emt 0:05:02]} Kb8 {[%emt 0:05:35]} 15. g3 {[%emt 0:09:15]} d5 {[%emt 0:07:41]} 16. fxe6 {[%emt 0:00:37]} fxe6 {[%emt 0:00:25]} 17. exd5 {[%emt 0:00:21]} e5 {[%emt 0:03:23]} 18. d6 {[%emt 0:26:45]} Bg4 {[%emt 0:05:10]} 19. Nd5 {[%emt 0:01:10]} Qc5 {[%emt 0:00:33]} 20. Nxe7 {[%emt 0:05:36]} Nxe7 {[%emt 0:05:52]} 21. Be2 {[%emt 0:04:38]} Nc8 {[%emt 0:08:05]} 22. Qa5 {[%emt 0:12:04]} Rxd6 {[%emt 0:06:47]} 23. Rxd6 {[%emt 0:00:09]} Nxd6 {[%emt 0:01:02]} 24. Kb1 {[%emt 0:03:52]} Rc8 {[%emt 0:03:37]} 25. Rc1 {[%emt 0:00:11]} Bxf3 {[%emt 0:01:11]} 26. Bxf3 {[%emt 0:00:07]} Nc4 {[%emt 0:00:25]} 27. Qc3 {[%emt 0:00:18]} Qf2 {[%emt 0:01:54]} 28. Ka1 {[%emt 0:00:05]} Nd2 {[%emt 0:07:42]} 29. Bc6 {[%emt 0:00:08]} e4 {[%emt 0:01:08]} 30. a4 {[%emt 0:01:56]} Rc7 {[%emt 0:13:36]} 31. Ka2 {[%emt 0:00:29]} Qb6 {[%emt 0:08:11]} 1/2-1/2

[Event "Budapest Spring Festival 2019"]
[Site "Budapest"]
[Date "2019.04.10"]
[Round "2.10"]
[White "Aryan Chopra"]
[Black "Krstulovic, Alex"]
[Result "1-0"]
[WhiteElo "2547"]
[BlackElo "2345"]
[Annotator "TA"]
[PlyCount "125"]
[EventDate "2019.04.09"]
[EventType "swiss"]
[EventCountry "HUN"]
[SourceTitle "playchess.com"]
[Source "ChessBase"]
[SourceQuality "1"]

{[%evp 22,125,29,29,34,27,43,30,41,31,33,31,23,41,28,41,37,28,83,46,68,60,64,55,62,70,64,56,50,49,49,26,32,0,37,47,45,0,28,18,22,8,43,43,93,57,51,0,0,0,0,0,0,0,0,0,0,0,62,63,64,77,74,66,72,64,87,77,80,61,87,61,124,106,137,8,8,56,452,381,698,675,880,871,1293,1252,381,658,331,214,4851,4851,4596,4270,3093,3093,1345,1345,29978,29979,29977,29980,29980,29980,29979,29980]} 1. e4 e5 2. Nf3 Nc6 3. Bb5 a6 4. Ba4 Nf6 5. O-O Nxe4 6. d4 b5 7. Bb3 d5 8. dxe5 Be6 9. Nbd2 Bc5 10. Nxe4 dxe4 11. Ng5 Qxd1 12. Rxd1 Bxb3 {C80: Open Ruy Lopez: Sidelines and 9 Nbd2} 13. axb3 O-O (13... Bb6 14. Nxe4 O-O 15. Bf4 Rfe8 16. Nc3 Nd4 17. Rd2 Ne6 18. Bg3 Bd4 19. Kf1 h5 20. f3 {½-½ (34) Zilka,S (2518)-Simacek,P (2455) Ostrava 2016}) 14. Nxe4 Bd4 {White has an edge.} 15. e6 fxe6 16. c3 Bb6 17. Be3 Bxe3 18. fxe3 a5 19. Nc5 Rf7 $146 (19... Rae8 $11) ({Predecessor:} 19... Rae8 20. Rd7 Rf7 21. Rad1 Ne5 {½-½ (21) Hammerschmidt,V (1910)-Herzog,K (1757) LSS email 2014}) 20. h3 Re7 21. b4 Ra7 22. bxa5 Rxa5 23. Rxa5 Nxa5 $14 {[%mdl 4096] Endgame KRN-KRN} 24. Rd8+ Kf7 25. b3 Nc6 26. Rc8 Ne5 $1 27. Rd8 Nc6 28. Rh8 h6 29. Kh2 Ne5 30. Rd8 Kf6 31. Rc8 Kf7 32. Kg3 Kf6 33. Na6 c6 34. Nb4 (34. Nc5 $14) 34... Kf5 $1 $11 35. Nxc6 Nxc6 36. Rxc6 {KR-KR} Ke4 $1 37. Kf2 Kd3 38. Rb6 Rf7+ 39. Ke1 Rc7 (39... Rf5 $11) 40. Rxb5 $14 ({Reject} 40. Rxe6 Kxc3 41. e4 Kxb3 $11) 40... Rxc3 41. Kf2 Ke4 42. Rb4+ Ke5 43. Kf3 Rc2 44. Rb7 g6 45. b4 {[%cal Bb3b4,Bb4b5,Bb5b6][%mdl 32]} Rb2 46. b5 h5 $1 47. b6 $1 g5 48. g4 ({White should play} 48. Rb8 $1 $16) 48... h4 $11 49. Rb8 {Black must now prevent b7.} Kd5 $2 {[%mdl 8192]} (49... Rb1 $1 $14) 50. Rg8 $18 Kc6 $2 (50... Rxb6 51. Rxg5+ e5) 51. Rxg5 Rh2 52. Rh5 Rxh3+ 53. Kf4 Kxb6 {[#]} 54. e4 $1 Kc6 {[#]} 55. Ke5 $1 Kc5 $2 (55... Kd7 56. Rh7+ Ke8) 56. g5 Rg3 57. Kf6 h3 58. g6+ Kd4 59. g7 Rf3+ 60. Kxe6 {White mates.} Rg3 61. Kf7 Rf3+ 62. Kg6 Rg3+ 63. Kh7 {Accuracy: White = 60%, Black = 51%.} 1-0

[Event "Budapest Spring Festival 2019"]
[Site "Budapest"]
[Date "2019.04.10"]
[Round "2.11"]
[White "Kulkarni Bhakti"]
[Black "Stupak, Kirill"]
[Result "1/2-1/2"]
[WhiteElo "2350"]
[BlackElo "2547"]
[Annotator "TA"]
[PlyCount "42"]
[EventDate "2019.04.09"]
[EventType "swiss"]
[EventCountry "HUN"]
[SourceTitle "playchess.com"]
[Source "ChessBase"]
[SourceQuality "1"]

{[%evp 9,42,14,25,32,52,41,34,8,79,17,35,13,8,0,34,27,30,18,20,-2,66,72,70,62,64,69,68,53,61,0,41,41,117,126,110]} 1. d4 g6 2. c4 Bg7 3. Nc3 e6 4. e4 Ne7 5. Nf3 d5 6. e5 {A40: Unusual replies to 1 d4} Nbc6 7. h4 (7. Be2 h6 8. O-O O-O 9. Re1 b6 10. cxd5 Nxd5 11. Nxd5 Qxd5 12. Bd3 {1-0 (60) Onischuk,A (2681)-Ipatov,A (2665) Saint Louis 2018}) 7... h6 8. Bf4 {White is slightly better.} Qd7 $146 (8... b6 $11 {remains equal.}) ({Predecessor:} 8... b6 9. Qc2 Qd7 10. a3 Bb7 11. O-O-O O-O-O 12. b4 dxc4 13. Bxc4 {½-½ (103) Gagare,S (2490)-Stupak,K (2573) St Petersburg 2018}) 9. Qd2 (9. Rc1 $16) 9... b6 10. O-O-O Bb7 11. Kb1 a6 12. c5 bxc5 13. dxc5 O-O-O 14. Bd3 d4 (14... Nb4 $1 $11) 15. Ne4 $14 Nd5 16. Bc4 Nxf4 17. Qxf4 Kb8 18. a3 Na5 19. Ba2 ({Much weaker is} 19. Rxd4 Qxd4 20. Nxd4 Rxd4 $17) (19. Bd3 $1 $14) 19... Nc6 20. Rhe1 a5 (20... d3 $14) 21. Bc4 $16 Qe7 {Accuracy: White = 49%, Black = 40%.} 1/2-1/2

[Event "Budapest Spring Festival 2019"]
[Site "Budapest"]
[Date "2019.04.10"]
[Round "2.12"]
[White "Horvath, Adam"]
[Black "Rudolf, Michal"]
[Result "1/2-1/2"]
[WhiteElo "2533"]
[BlackElo "2337"]
[Annotator "TA"]
[PlyCount "206"]
[EventDate "2019.04.09"]
[EventType "swiss"]
[EventCountry "HUN"]
[SourceTitle "playchess.com"]
[Source "ChessBase"]
[SourceQuality "1"]

{[%evp 10,206,27,20,30,18,26,21,18,1,27,12,24,0,6,0,5,0,8,0,0,44,0,0,3,3,6,0,40,48,39,28,38,24,35,22,47,52,79,0,0,-193,-195,-205,0,0,0,-109,-89,-104,-106,-96,-94,-225,-227,-227,-219,-237,-166,-153,-162,-250,0,0,0,-239,-237,-298,-293,-298,-291,-304,-237,-256,-227,-229,-235,-547,-543,-550,-489,-486,-452,-452,-452,-476,-438,-1530,-1510,-1394,-1375,-2093,-576,-584,-501,-3568,-3575,-3568,-3568,-3560,-3435,-3499,-3437,-3235,-3233,-2897,-2890,-2823,-2890,-2693,-2613,-2374,-1853,-9069,-8002,-5050,-3756,-12756,-6240,-12756,-8286,-4558,-4452,-29973,-29974,-29972,-29972,-29969,-29955,-29945,-29958,-29974,-29975,-29966,0,-29948,-29947,-12845,-12711,-6528,-4602,-4602,-4602,-4602,-4602,-4602,-4602,-12514,-1401,-2464,-2099,-1950,-1936,-1869,-923,-1546,-1515,-600,-503,-12806,-10575,-6289,-4746,-5963,-5490,-4770,-1449,-1199,-619,-619,-612,-605,-605,-587,-587,-503,0,-484,-481,-455,-448,-441,-400,-404,-265,-265,-265,-225,-137,-137,-137,-137,0,0,0,0,0,0,0]} 1. e4 e6 2. d4 d5 3. Nd2 c5 4. exd5 Qxd5 5. Ngf3 cxd4 6. Bc4 Qd7 {C07: French Tarrasch: 3...c5, 4 Ngf3 and 4 exd5 Qxd5} 7. Nb3 Nc6 8. Nbxd4 Nxd4 9. Nxd4 a6 10. Bf4 Nf6 11. O-O b5 12. Bb3 Bc5 (12... Bb7 13. Re1 Be7 14. c3 {½-½ (85) Adams,M (2703)-McShane,L (2664) London 2018}) 13. Be5 O-O 14. Bxf6 gxf6 15. Qg4+ Kh8 16. Rfd1 {Hoping for Nxe6.} Qb7 {Strongly threatening ...Rg8.} 17. Qh4 Be7 $1 {[#]} 18. Rd3 $146 {And now Rh3 would win.} ({Predecessor:} 18. Qh5 Rg8 19. g3 Bf8 20. Qh4 Be7 21. Qh5 {½-½ (21) Plat,V (2510)-Vykouk,J (2424) Ostrava 2017}) 18... Rg8 {[%csl Gg8][%cal Rb7g2]} (18... f5 $5 {[%cal Re7h4]} 19. Qh5 Rg8 $11) 19. Rg3 Rxg3 20. hxg3 Qc7 21. Qh5 Bf8 22. c3 Bb7 23. Bc2 {[%csl Gc2][%cal Rh5h7]} f5 24. g4 ({Better is} 24. Rd1 $16) 24... Bc5 $1 $11 {[%cal Rc5d4] [#]} 25. gxf5 $2 (25. Nxf5 $1 $11 {[%mdl 512] and White has nothing to worry.} f6 (25... exf5 26. Bxf5) 26. b4 Bxf2+ {[%mdl 64] Discovered Attack, Decoy} 27. Kxf2 Qf4+ {[%mdl 64] Double Attack} 28. Ke2 exf5 29. Rh1 Qe5+ {[%mdl 64] Double Attack} 30. Kd1 Rd8+ 31. Kc1) 25... Rg8 $1 $19 {[%cal Rg8g2]} (25... Bxd4 26. f6 $16) 26. fxe6 {[%csl Gc2][%cal Rh5h7]} Rxg2+ $2 (26... fxe6 $19 27. g3 Bxd4 28. cxd4 Qxc2 29. Qe5+ Rg7) 27. Kf1 $11 {[%csl Gc2][%cal Rh5h7]} Rh2 {[%cal Bg2h2,Bh2h4,Bh4d4][%mdl 32]} 28. e7 (28. Qxf7 $11 Rh1+ 29. Ke2 Qe5+ 30. Kd2 Qg5+ 31. Kd3 Rxa1 32. Qxb7 Qg6+ 33. Ke2 Qg4+ {[%mdl 64] Double Attack} 34. f3 Qg2+ 35. Kd3 Qf1+ 36. Kd2 (36. Ke4 Re1+ 37. Kf4 Bd6+ 38. Kg5 Qg2+ 39. Kf6 Be5+ 40. Kf7 Qg7+ 41. Ke8 Qxb7 42. Be4 Qb8+ 43. Kf7 Bd6 44. Bxh7 Kxh7 45. e7 Qg8+ 46. Kf6 Qg6#) 36... Qe1+ 37. Kd3 Qf1+ 38. Kd2 (38. Ke4 Re1+ 39. Kf4 Bd6+ 40. Kg5 Qg2+ 41. Kf6 Be5+ 42. Kf7 Qg7+ 43. Ke8 Qxb7 44. Be4 Qc8+ 45. Ke7 Rg1 46. Bg6 {[%mdl 64] Back Rank} Rxg6 47. Nf5 Rxe6+ 48. Kf7 Qg8#) 38... Qe1+ 39. Kd3 Qf1+) 28... Bxe7 $17 (28... Rxh5 $2 {loses.} 29. e8=Q+ Kg7 30. Ne6+ $1 {[%mdl 512]} fxe6 31. Qxh5 $18) 29. Qf5 Bc8 $1 $40 {[%cal Rc8f5][%mdl 128] Black wants a kill.} 30. Qe4 Rh4 $1 {[%cal Rh4e4]} 31. Qa8 {[#]} (31. Qd5 $17) 31... Rxd4 $1 $19 {[%mdl 512]} 32. cxd4 {aiming for Bf5.} Qxc2 33. Re1 Qd3+ 34. Kg2 Qg6+ 35. Kf1 (35. Kh1 $142 Qh5+ 36. Kg1 Qg4+ 37. Qg2) 35... Qd3+ 36. Kg1 Qg6+ 37. Kf1 Qg8 38. Qf3 Bg4 39. Qg3 Bf6 40. d5 Bd7 41. d6 Qxg3 42. fxg3 Kg7 43. Kf2 $2 (43. b3 {is more resistant.}) 43... Bxb2 44. Re7 Be6 45. Kf3 {Threatening d7.} Ba3 46. Ra7 Bxd6 47. Rxa6 Be7 48. a4 (48. Ra7 $142 Bd5+ 49. Ke2 Bc4+ 50. Kf3 Bd5+ 51. Ke2) 48... bxa4 49. Rxa4 h5 50. Kf2 Kg6 (50... Kf6 $142 51. Kf3 Bg4+ 52. Kg2 Bd6) 51. Kf3 Bd5+ 52. Kf2 (52. Ke2 $142 Bc5 53. Ra1) 52... f5 53. Kg1 Kg5 54. Kh2 Bf6 55. Kh3 Bf3 56. Ra6 Bg4+ 57. Kg2 Be5 58. Ra5 Kf6 59. Ra6+ Ke7 60. Ra7+ Ke6 61. Ra6+ Kd5 62. Ra5+ Ke4 63. Ra4+ Bd4 64. Ra8 Bf3+ 65. Kh3 Ke3 66. Ra3+ Kf2 67. Ra5 Bg4+ 68. Kh2 Bf6 69. Ra2+ Kf1 70. Ra6 Bd4 71. Ra3 {[#]} Kf2 $2 (71... h4 $1 {mates} 72. gxh4 f4 73. Rd3 Bg1+ 74. Kh1 f3 75. Rd1+ Ke2 76. Rxg1 f2 77. Kh2 fxg1=R 78. Kxg1 Bf3 79. Kh2 Kf2 80. Kh3 Bh5 81. Kh2 Bg4 82. Kh1 Kg3 83. Kg1 Be2 84. Kh1 Kxh4) 72. Ra2+ $2 {[%mdl 8192]} (72. Ra5 $11 Bb6 73. Ra2+ Be2 74. Rc2) 72... Kf3 73. Ra3+ Be3 74. Rb3 Kf2 75. Rb2+ Be2 76. Rb4 Bg5 77. Ra4 Kf3 78. Rb4 {[#]} Be3 (78... h4 $142 $1 79. gxh4 Bf4+ 80. Kg1 Be3+ 81. Kh2 Kf2) 79. Ra4 Bf1 80. Ra1 Bd3 81. Ra3 Ke4 82. Ra4+ Bd4 83. Kh3 Be2 84. Kg2 (84. Kh4 $142 Ke3 85. Kh3) 84... Bf3+ 85. Kh3 Bd1 86. Rb4 Bg4+ 87. Kg2 {[#]} Kd5 (87... h4 $142 $1 88. gxh4 f4) 88. Rb5+ Ke6 89. Rb4 Bf6 90. Rb6+ Kf7 91. Rb7+ Kg6 92. Rb6 Kg5 93. Ra6 $1 Be2 94. Ra4 Be5 95. Ra5 Kf6 96. Ra4 Bd3 97. Kh3 Kg5 98. Ra5 Bf1+ 99. Kh2 Kf6 {...Bc4 is the strong threat.} 100. Ra4 Bd6 (100... h4 $17 101. Rxh4 Bb5) 101. Ra1 $11 {The position is equal.} Be2 102. Ra2 $1 Bg4 {White must now prevent ...h4.} 103. Ra6 Ke7 {Accuracy: White = 44%, Black = 70%.} 1/2-1/2

[Event "Budapest Spring Festival 2019"]
[Site "Budapest"]
[Date "2019.04.10"]
[Round "2.13"]
[White "Risting, Eivind Olav"]
[Black "Gonda, Laszlo"]
[Result "1/2-1/2"]
[WhiteElo "2345"]
[BlackElo "2527"]
[Annotator "TA"]
[PlyCount "26"]
[EventDate "2019.04.09"]
[EventType "swiss"]
[EventCountry "HUN"]
[SourceTitle "playchess.com"]
[Source "ChessBase"]
[SourceQuality "1"]

{[%evp 9,20,5,27,25,40,28,35,22,40,-9,-11,-2,16]} 1. d4 Nf6 2. c4 e6 3. Nf3 d5 4. Nc3 Nbd7 5. Qc2 dxc4 6. e4 {D37: Queen's Gambit Declined: 5 Bf4} c5 7. dxc5 $1 (7. Bxc4 a6 8. d5 Nb6 9. Be2 exd5 10. e5 Ne4 11. Nxe4 dxe4 12. Qxe4 Qd5 13. Qf4 Be7 {1-0 (42) Aronian,L (2774)-Hou,Y (2649) Karlsruhe/Baden-Baden 2017}) 7... Bxc5 8. Bxc4 a6 9. a4 Qc7 10. Qe2 Ng4 {Predecessor:} 11. Nd1 $146 O-O 12. O-O Nde5 13. Nxe5 Nxe5 {½-½ (75) Gupta,M (2277)-Michalczak,T (2274) Germany 2003} 1/2-1/2